Organic evolution (Record no. 27363)

MARC details
000 -LEADER
fixed length control field 00306nam a2200121Ia 4500
082 ## - DEWEY DECIMAL CLASSIFICATION NUMBER
Classification number 575.8
Item number LUL
100 ## - MAIN ENTRY--AUTHOR NAME
Personal name Lull, Richard Swann
245 #0 - TITLE STATEMENT
Title Organic evolution
260 ## - PUBLICATION, DISTRIBUTION, ETC. (IMPRINT)
Place of publication New Delhi
Name of publisher Light and Life
Year of publication 1957
650 ## - SUBJECT ADDED ENTRY--TOPICAL TERM
Topical Term Organic evolution
942 ## - ADDED ENTRY ELEMENTS (KOHA)
Koha item type Books
Holdings
Withdrawn status Lost status Damaged status Not for loan Home library Current library Date acquired Full call number Accession Number Koha item type
        RRII Library RRII Library 16/12/2021 575.8 LUL 07989 Books